000 00564nam a2200181 i 4500
001 149916
003 ES-MaACL
005 20250822023757.0
007 t|
008 071025s1949 sp ||||1| spa d
100 1 _aVander, Adrianus.
_9113059
245 1 0 _aCarácter y personalidad
_b: nervios sanos y carácter fuerte /
_cAdr. Vander.
260 _aBarcelona :
_bSintes,
_c[1949?] (
_fIndustrial Gráfica)
300 _a134 p., 14 lám. ;
_c21 cm.
650 0 7 _aSalud mental
_2embne
_916972
852 _aES-MaACL
_jD-7811
_bR.27407
999 _c149916
_d149916